| 000 | 00551nam a2200217 4500 | ||
|---|---|---|---|
| 003 | OSt | ||
| 005 | 20260601171002.0 | ||
| 008 | 260422b1964\\\\enka||||\||||\00|\0\spa\d | ||
| 020 | _a0289368456 | ||
| 040 |
_aICI _bspa _cICI |
||
| 050 |
_aNK1505 _b.P94 |
||
| 100 | 1 |
_aPye, David _d1914 _931667 |
|
| 245 | 1 | _aThe Nature of Design | |
| 264 |
_bSutudio Vista. _c1964 _aLondon |
||
| 300 | _a96 páginas | ||
| 336 |
_atexto _2rdacontent |
||
| 337 |
_asin medio _2rdamedia |
||
| 338 |
_avolumen _2rdacarrier |
||
| 650 |
_aDiseño _92672 |
||
| 942 |
_2lcc _cB _n1 |
||
| 999 |
_c20137 _d20137 |
||